header

Jane Austen and the French Revolution (Record no. 26544)

MARC details
000 -LEADER
fixed length control field 01242nam a2200325Ia 4500
100 1# - MAIN ENTRY--AUTHOR NAME
Personal name Roberts, Warren,
245 10 - TITLE STATEMENT
Title Jane Austen and the French Revolution
260 ## - PUBLICATION, DISTRIBUTION, ETC. (IMPRINT)
Place of publication London [etc.] :
Name of publisher Macmillan,
Year of publication 1979.
300 ## - PHYSICAL DESCRIPTION
Number of Pages xi, 224 p.
500 ## - GENERAL NOTE
General note Fiction in English. Austen, Jane. Critical studies (BNB/PRECIS).
General note Includes index.
650 #0 - SUBJECT ADDED ENTRY--TOPICAL TERM
Topical Term English literature.
856 40 - ELECTRONIC LOCATION AND ACCESS
Uniform Resource Identifier http://site.ebrary.com/lib/rucke/Doc?id=10224815

No items available.

© 2026 Rongo University
Contact us: librarian | system librarian | Rongo university